| 000 | 00000nam##2200000za#4500 |
| 001 | 9.574830 |
| 003 | CaOODSP |
| 005 | 20210624184355 |
| 007 | cr ||||||||||| |
| 008 | 150406|2005||||xxc|||||o f|0| 0 eng|d |
| 040 | |aCaOODSP|beng |
| 043 | |an-cn--- |
| 086 | 1 |aT41-1/86E-PDF |
| 110 | 1 |aCanada. |bTransport Canada. |
| 245 | 10|aChanging transportation behaviour in Ontario |h[electronic resource] |
| 260 | |aOttawa - Ontario : |bTransport Canada |cJanuary 2005 [i.e. 2010?]. |
| 300 | |a5p.|breferences |
| 490 | 1 |aCase studies in sustainable transportation |vCase study 86 |
| 500 | |aAt head of title: Urban Transportation Showcase Program. "Ontario". |
| 590 | |a12-36-Supp|b2012-08-22 |
| 775 | 08|tÉvolution des comportements de transport en Ontario |w(CaOODSP)9.604555 |
| 830 | #0|aCase studies in sustainable transportation ;|vCase study 86|w(CaOODSP)9.506851 |
| 856 | 40|ahttp://publications.gc.ca|qPDF|s157 KB|uhttps://publications.gc.ca/collections/collection_2012/tc/T41-1-86-eng.pdf|yCase study 86 |
| 986 | |aTP: 15075 |